[Event "2nd IMSA Blitz w 2017"]
[Site "Huai'an CHN"]
[Date "2017.12.12"]
[Round "7.3"]
[White "Lagno, Kateryna"]
[Black "Muzychuk, Mariya"]
[Result "1/2-1/2"]
[WhiteTitle "GM"]
[BlackTitle "GM"]
[WhiteElo "2547"]
[BlackElo "2544"]
[WhiteFideId "14109336"]
[BlackFideId "14114550"]
[EventDate "2017.12.12"]

1. c4 c5 2. Nf3 Nc6 3. d4 cxd4 4. Nxd4 Nf6 5. Nc3 e6 6. g3 Bc5 7. Nb3 Bb6 8. c5
Bc7 9. Nb5 Be5 10. Nd6+ Bxd6 11. Qxd6 Ne4 12. Qd3 d5 13. cxd6 Nxd6 14. Bg2 Nf5
15. Qxd8+ Kxd8 16. O-O Ke7 17. Rd1 f6 18. g4 Nd6 19. Be3 Nc4 20. Bc5+ Kf7 21.
Rab1 Rb8 22. Nd4 N4e5 23. h3 Nxd4 24. Bxd4 Nc6 25. Be3 Ne5 26. Rbc1 Nc6 27. a3
Re8 28. b4 a6 29. Bxc6 bxc6 30. Rxc6 Re7 31. Bc5 Reb7 32. Rd8 Bd7 33. Rxb8 Bxc6
34. Rf8+ Kg6 35. f3 Bb5 36. Kf2 Rd7 37. Be3 e5 38. h4 h5 39. Rh8 hxg4 40. fxg4
Rc7 41. h5+ Kf7 42. Bc5 Rd7 43. Rf8+ Ke6 44. e4 Rd2+ 45. Ke3 Rd3+ 46. Kf2 Rd2+
47. Kg3 Rd3+ 48. Kh4 Rxa3 49. g5 fxg5+ 50. Kxg5 Rg3+ 51. Kh4 Rg2 52. Rb8 Bd3 53.
Rb6+ Kf7 54. Rb7+ Kg8 55. Re7 Bxe4 56. Rxe5 Bd3 57. Rg5 Rxg5 58. Kxg5 Kh7 1/2-1/2

[Event "2nd IMSA Blitz w 2017"]
[Site "Huai'an CHN"]
[Date "2017.12.12"]
[Round "7.4"]
[White "Paehtz, Elisabeth"]
[Black "Ju, Wenjun"]
[Result "0-1"]
[WhiteTitle "IM"]
[BlackTitle "GM"]
[WhiteElo "2464"]
[BlackElo "2567"]
[WhiteFideId "4641833"]
[BlackFideId "8603006"]
[EventDate "2017.12.12"]

1. e4 e6 2. d4 d5 3. e5 c5 4. c3 Nc6 5. Nf3 Qb6 6. a3 Nge7 7. dxc5 Qc7 8. Bf4
Ng6 9. Bg3 Bxc5 10. Qe2 a5 11. h4 h5 12. Qb5 Bb6 13. Bd3 Bd7 14. Bxg6 fxg6 15.
Qd3 Ne7 16. Nbd2 Nf5 17. Bf4 Qc5 18. O-O-O Qxf2 19. Ne4 Qxg2 20. Nd6+ Nxd6 21.
Rhg1 Bxg1 22. Rxg1 Bb5 23. Qe3 Nf5 24. Qb6 Qxf3 25. Qxb5+ Kf8 26. Bd2 Kg8 27.
Qxb7 Kh7 28. Qf7 Nxh4 29. Qxe6 Qf5 30. Qe7 Nf3 31. Rf1 Qd3 0-1

[Event "2nd IMSA Blitz w 2017"]
[Site "Huai'an CHN"]
[Date "2017.12.12"]
[Round "7.5"]
[White "Ushenina, Anna"]
[Black "Dzagnidze, Nana"]
[Result "0-1"]
[WhiteTitle "GM"]
[BlackTitle "GM"]
[WhiteElo "2416"]
[BlackElo "2522"]
[WhiteFideId "14110911"]
[BlackFideId "13601903"]
[EventDate "2017.12.12"]

1. d4 Nf6 2. Nf3 e6 3. Bf4 d5 4. e3 Bd6 5. Bxd6 cxd6 6. c4 Nc6 7. Nc3 dxc4 8.
Bxc4 O-O 9. O-O d5 10. Bd3 Bd7 11. Rc1 Rc8 12. a3 Na5 13. Ne5 Nc4 14. Nxc4 dxc4
15. Bb1 Bc6 16. Qe2 b5 17. Rfd1 a5 18. e4 b4 19. axb4 axb4 20. Na2 Ba4 21. Rd2
Qa5 22. Rxc4 Bb5 23. Rxc8 Bxe2 24. Rxf8+ Kxf8 25. Rxe2 Qb5 26. Rd2 Qc4 27. Rd1
h6 28. Nc1 g5 29. h3 Ke7 30. f3 Nh5 31. d5 Nf4 32. Bd3 Nxd3 33. Nxd3 Qd4+ 34.
Kf1 exd5 35. exd5 Qxd5 36. Ke2 Qc4 37. Rd2 Kf6 38. Kf2 Qd4+ 39. Ke2 b3 40. Kf1
Kg7 41. Rd1 Qe3 42. Nf2 Qc5 43. Nd3 Qc2 44. Ke1 Qxg2 45. Rd2 Qxf3 0-1

[Event "2nd IMSA Blitz w 2017"]
[Site "Huai'an CHN"]
[Date "2017.12.12"]
[Round "7.6"]
[White "Zhao, Xue"]
[Black "Harika, Dronavalli"]
[Result "1-0"]
[WhiteTitle "GM"]
[BlackTitle "GM"]
[WhiteElo "2477"]
[BlackElo "2504"]
[WhiteFideId "8601283"]
[BlackFideId "5015197"]
[EventDate "2017.12.12"]

1. Nf3 Nf6 2. c4 e6 3. b3 d5 4. Bb2 Be7 5. g3 O-O 6. Bg2 c5 7. e3 Nc6 8. O-O d4
9. exd4 cxd4 10. Re1 Re8 11. d3 Bf8 12. a3 a5 13. Ne5 Nxe5 14. Rxe5 Nd7 15. Rb5
e5 16. Nd2 Nc5 17. Ne4 Nxe4 18. Bxe4 Qc7 19. Qf3 Ra7 20. Bd5 b6 21. Re1 Ba6 22.
Bxd4 Bxb5 23. cxb5 Qd6 24. Bb2 Rc7 25. Bc4 Qf6 26. Qe3 Bc5 27. d4 Bf8 28. dxe5
Qg6 29. e6 Rxc4 30. bxc4 Rxe6 31. Qd2 h5 32. Rxe6 Qxe6 33. Qd3 Bc5 34. Kg2 Qe7
35. h4 a4 36. Qf3 Bxa3 37. Bxa3 Qxa3 38. Qxa3 1-0

[Event "2nd IMSA Blitz w 2017"]
[Site "Huai'an CHN"]
[Date "2017.12.12"]
[Round "8.2"]
[White "Dzagnidze, Nana"]
[Black "Zhao, Xue"]
[Result "1-0"]
[WhiteTitle "GM"]
[BlackTitle "GM"]
[WhiteElo "2522"]
[BlackElo "2477"]
[WhiteFideId "13601903"]
[BlackFideId "8601283"]
[EventDate "2017.12.12"]

1. Nf3 e6 2. c4 b6 3. g3 Bb7 4. Bg2 f5 5. O-O Nf6 6. Nc3 Bb4 7. b3 Bxc3 8. dxc3
O-O 9. Nd4 Bxg2 10. Kxg2 Qc8 11. f3 d6 12. Bg5 Na6 13. b4 Ne8 14. Nc6 Kh8 15.
Qd4 Qd7 16. b5 Nc5 17. e4 a6 18. e5 axb5 19. cxb5 Ra4 20. c4 d5 21. Be7 Rf7 22.
Bxc5 Rxc4 23. Qd3 Rxc5 24. a4 f4 25. g4 d4 26. Rfc1 Rd5 27. a5 bxa5 28. Rxa5 h5
29. h3 Rf8 30. Ra8 Qf7 31. Rc4 Qd7 32. Rxd4 Rxd4 33. Qxd4 Qf7 34. Qe4 Qd7 35.
Rd8 Qf7 36. g5 g6 37. h4 Kg7 38. Qd3 Qf5 39. Qxf5 gxf5 40. Kf2 Kf7 41. Ke2 Ng7
42. Rd7+ Kg6 43. Rxc7 Ra8 44. b6 Ra2+ 45. Kd1 Ne8 46. Re7 1-0

[Event "2nd IMSA Blitz w 2017"]
[Site "Huai'an CHN"]
[Date "2017.12.12"]
[Round "8.4"]
[White "Muzychuk, Mariya"]
[Black "Paehtz, Elisabeth"]
[Result "1-0"]
[WhiteTitle "GM"]
[BlackTitle "IM"]
[WhiteElo "2544"]
[BlackElo "2464"]
[WhiteFideId "14114550"]
[BlackFideId "4641833"]
[EventDate "2017.12.12"]

1. d4 d5 2. c4 dxc4 3. Nf3 c6 4. e3 b5 5. a4 e6 6. axb5 cxb5 7. b3 a5 8. bxc4
Bb4+ 9. Bd2 Bxd2+ 10. Nbxd2 b4 11. c5 Nf6 12. Bb5+ Bd7 13. Bxd7+ Qxd7 14. Nc4
Qc7 15. Nd6+ Kf8 16. Ne5 Nc6 17. Nexf7 Rg8 18. Ng5 Ke7 19. O-O h6 20. Nf3 Nd5
21. e4 Nc3 22. Qd3 Rgf8 23. d5 Nd8 24. Qc4 Rxf3 25. gxf3 Kf8 26. Kh1 Nf7 27.
Nxf7 Qxf7 28. Qd3 exd5 29. exd5 Qxd5 30. Qxd5 Nxd5 31. Rfd1 Nc3 32. Rd7 b3 33.
Rb7 a4 34. Rxb3 axb3 35. Rxa8+ Ke7 36. Rb8 Na4 37. c6 Kd6 38. Rxb3 Kxc6 39. Rb4
Nc5 40. Rf4 Ne6 41. Rf7 Kd6 42. f4 Kd5 43. f5 Nd4 44. Kg2 Ke5 45. Rxg7 Nxf5 46.
Rg8 Nh4+ 47. Kg3 Nf5+ 48. Kg4 Ne7 49. Re8 Kd5 1-0

[Event "2nd IMSA Blitz w 2017"]
[Site "Huai'an CHN"]
[Date "2017.12.12"]
[Round "8.5"]
[White "Tan, Zhongyi"]
[Black "Lagno, Kateryna"]
[Result "0-1"]
[WhiteTitle "GM"]
[BlackTitle "GM"]
[WhiteElo "2517"]
[BlackElo "2547"]
[WhiteFideId "8603642"]
[BlackFideId "14109336"]
[EventDate "2017.12.12"]

1. c4 c5 2. Nf3 Nc6 3. d4 cxd4 4. Nxd4 Nf6 5. g3 e5 6. Nb5 Bb4+ 7. Bd2 a6 8.
N5c3 d5 9. cxd5 Nxd5 10. Bg2 Be6 11. O-O O-O 12. a3 Nxc3 13. Nxc3 Be7 14. Be3
Nd4 15. Bxd4 exd4 16. Ne4 Qb6 17. b4 Rac8 18. Rc1 h6 19. Qd3 Rfd8 20. Nd2 a5 21.
bxa5 Qxa5 22. Bxb7 Rc3 23. Qa6 Qc7 24. Rb1 Rxa3 25. Qc6 Qxc6 26. Bxc6 Ra2 27.
Rfd1 Bf5 28. Be4 Bxe4 29. Nxe4 Rxe2 30. Nd2 Bf6 31. Nf3 Rc2 32. Ne1 Ra2 33. Nd3
Rc8 34. Kf1 h5 35. Rbc1 Rxc1 36. Rxc1 Rd2 37. Nf4 g6 38. Rc6 Kg7 39. h4 d3 40.
Rc1 Bd4 41. Nh3 Ra2 42. Rd1 Ra1 43. Rxa1 Bxa1 44. Nf4 d2 45. Ke2 Bc3 46. Nd5 Bd4
47. Ne3 0-1

[Event "2nd IMSA Blitz w 2017"]
[Site "Huai'an CHN"]
[Date "2017.12.12"]
[Round "8.6"]
[White "Muzychuk, Anna"]
[Black "Harika, Dronavalli"]
[Result "1/2-1/2"]
[WhiteTitle "GM"]
[BlackTitle "GM"]
[WhiteElo "2582"]
[BlackElo "2504"]
[WhiteFideId "14111330"]
[BlackFideId "5015197"]
[EventDate "2017.12.12"]

1. e4 d6 2. d4 Nf6 3. Nc3 g6 4. Be3 c6 5. Qd2 Nbd7 6. O-O-O Qc7 7. f4 Bg7 8. Nf3
b5 9. Bd3 b4 10. Ne2 a5 11. f5 Ba6 12. Nf4 Bxd3 13. Qxd3 c5 14. Ng5 O-O 15. fxg6
hxg6 16. h4 cxd4 17. Bxd4 Ne5 18. Bxe5 dxe5 19. Nd5 Nxd5 20. exd5 Rac8 21. h5
Bh6 22. hxg6 Bxg5+ 23. Kb1 f5 24. d6 Qc4 25. Qh3 Qxc2+ 26. Ka1 Kg7 27. Qh7+ Kf6
28. Qxe7+ Kxg6 29. Qh7+ Kf6 30. Qe7+ Kg6 31. Qh7+ Kf6 32. Qe7+ Kg6 33. Qh7+ Kf6 1/2-1/2

[Event "2nd IMSA Blitz w 2017"]
[Site "Huai'an CHN"]
[Date "2017.12.12"]
[Round "9.1"]
[White "Zhao, Xue"]
[Black "Ju, Wenjun"]
[Result "1/2-1/2"]
[WhiteTitle "GM"]
[BlackTitle "GM"]
[WhiteElo "2477"]
[BlackElo "2567"]
[WhiteFideId "8601283"]
[BlackFideId "8603006"]
[EventDate "2017.12.12"]

1. c4 Nf6 2. b3 g6 3. Bb2 Bg7 4. Nf3 O-O 5. g3 c6 6. Bg2 d5 7. d3 Bg4 8. Nbd2
Nbd7 9. O-O a5 10. a3 e6 11. Ne5 Nxe5 12. Bxe5 g5 13. Nf3 h6 14. Qc2 Nd7 15.
Bxg7 Kxg7 16. h3 Bxf3 17. Bxf3 Qf6 18. Bg2 Kg8 19. Rad1 Qg6 20. Kh2 Kh7 21. e3
Nf6 22. Qe2 g4 23. h4 Nd7 24. e4 dxc4 25. e5 Qg7 26. dxc4 Nxe5 27. Rfe1 Nf3+ 28.
Bxf3 gxf3 29. Qxf3 Rad8 30. Qe3 Qb2 31. Qe4+ Kg8 32. Qg4+ Kh8 33. Qf4 Kg7 34.
Qg4+ Kh8 35. Qf4 Kg7 36. Qg4+ Kh8 37. Qf4 Kg7 38. Qg4+ 1/2-1/2

[Event "2nd IMSA Blitz w 2017"]
[Site "Huai'an CHN"]
[Date "2017.12.12"]
[Round "9.3"]
[White "Paehtz, Elisabeth"]
[Black "Tan, Zhongyi"]
[Result "0-1"]
[WhiteTitle "IM"]
[BlackTitle "GM"]
[WhiteElo "2464"]
[BlackElo "2517"]
[WhiteFideId "4641833"]
[BlackFideId "8603642"]
[EventDate "2017.12.12"]

1. e4 d6 2. d4 Nf6 3. Nc3 g6 4. f4 Bg7 5. Nf3 c5 6. dxc5 Qa5 7. Qd4 O-O 8. Qc4
Nc6 9. Qb5 Qc7 10. Bd3 Bg4 11. Be3 a6 12. Qb6 Qb8 13. cxd6 exd6 14. Bf2 Bxf3 15.
gxf3 d5 16. e5 Nh5 17. Nxd5 Nxf4 18. Nxf4 Qxe5+ 19. Ne2 Qg5 20. Qc5 Qh6 21. Qe3
Qh5 22. O-O Rfe8 23. Qf4 Bxb2 24. Rab1 Be5 25. Qh4 Qxf3 26. Rxb7 Nd4 27. Bxd4
Qxb7 28. Bxe5 Rxe5 29. Qf4 Rae8 30. Ng3 h5 31. Qf3 Qa7+ 32. Qf2 Qe7 33. Bc4 Rf8
34. Bb3 h4 35. Qf6 Qxf6 36. Rxf6 Rg5 37. Kf2 hxg3+ 38. hxg3 a5 39. Ra6 Rd8 40.
Ra7 Rf5+ 41. Kg2 Rd2+ 42. Kh3 Kg7 43. Kg4 Rd4+ 44. Kh3 g5 45. g4 Rf3+ 46. Kg2
Rff4 47. Be6 a4 48. Bf5 Rxg4+ 49. Bxg4 Rxg4+ 50. Kf3 Rc4 51. a3 Rc3+ 52. Kg4 Kg6 0-1

[Event "2nd IMSA Blitz w 2017"]
[Site "Huai'an CHN"]
[Date "2017.12.12"]
[Round "9.6"]
[White "Harika, Dronavalli"]
[Black "Dzagnidze, Nana"]
[Result "1-0"]
[WhiteTitle "GM"]
[BlackTitle "GM"]
[WhiteElo "2504"]
[BlackElo "2522"]
[WhiteFideId "5015197"]
[BlackFideId "13601903"]
[EventDate "2017.12.12"]

1. c4 e5 2. Nc3 Nc6 3. e3 g6 4. d4 exd4 5. exd4 d6 6. h3 Bg7 7. Nf3 Nge7 8. d5
Ne5 9. Nxe5 Bxe5 10. Bd3 O-O 11. O-O Bf5 12. Re1 Bxd3 13. Qxd3 Qd7 14. g4 Rfe8
15. Bd2 f5 16. f4 Bg7 17. g5 c6 18. Re6 cxd5 19. cxd5 Nc8 20. Rae1 Nb6 21. h4
Kf8 22. h5 Kf7 23. Nb5 Bf8 24. Qd4 a6 25. hxg6+ hxg6 26. Qf6+ Kg8 27. Qxg6+ Qg7
28. Qxg7+ 1-0

[Event "2nd IMSA Blitz w 2017"]
[Site "Huai'an CHN"]
[Date "2017.12.12"]
[Round "10.2"]
[White "Ju, Wenjun"]
[Black "Harika, Dronavalli"]
[Result "1-0"]
[WhiteTitle "GM"]
[BlackTitle "GM"]
[WhiteElo "2567"]
[BlackElo "2504"]
[WhiteFideId "8603006"]
[BlackFideId "5015197"]
[EventDate "2017.12.12"]

1. Nf3 Nf6 2. c4 g6 3. Nc3 Bg7 4. e4 d6 5. d4 O-O 6. Be2 e5 7. O-O Nc6 8. Be3
Bg4 9. d5 Bxf3 10. Bxf3 Nd4 11. Bxd4 exd4 12. Qxd4 Re8 13. Qd2 Nd7 14. Rae1 a5
15. g3 Nc5 16. Bg2 Qf6 17. Re2 a4 18. Nb5 Re7 19. f4 Rae8 20. e5 Qf5 21. Bf3
dxe5 22. d6 Rd7 23. fxe5 Rxe5 24. Bc6 bxc6 25. Rxf5 Rxf5 26. Re8+ Bf8 27. Nxc7
Kg7 28. Qd4+ f6 29. g4 Bxd6 30. Qe3 Re5 31. Rxe5 Bxe5 32. Qxc5 Rxc7 33. Qa5 Bd4+
34. Kg2 Ra7 35. Qb4 c5 36. Qb5 a3 37. b4 cxb4 38. Qxb4 Kh6 39. c5 Be5 40. c6 g5
41. Qf8+ Kg6 42. Qe8+ Kg7 43. h3 Rc7 44. Kf3 Bd6 45. Qe6 Be5 46. Ke4 Ra7 47. Qe8
Rc7 48. Kd5 Ra7 49. Kc5 Rc7 1-0

[Event "2nd IMSA Blitz w 2017"]
[Site "Huai'an CHN"]
[Date "2017.12.12"]
[Round "10.3"]
[White "Muzychuk, Mariya"]
[Black "Zhao, Xue"]
[Result "0-1"]
[WhiteTitle "GM"]
[BlackTitle "GM"]
[WhiteElo "2544"]
[BlackElo "2477"]
[WhiteFideId "14114550"]
[BlackFideId "8601283"]
[EventDate "2017.12.12"]

1. e4 Nf6 2. e5 Nd5 3. d4 d6 4. Nf3 c6 5. Be2 Bf5 6. O-O dxe5 7. Nxe5 Nd7 8. Nc4
e6 9. Nbd2 b5 10. Ne3 Bg6 11. Nxd5 cxd5 12. Bxb5 Bd6 13. Nf3 O-O 14. Bd3 Bh5 15.
Be2 Qc7 16. h3 Rfc8 17. c3 a5 18. Ne1 Bg6 19. Bd3 a4 20. Bxg6 hxg6 21. Bd2 Qc4
22. Nc2 Rab8 23. Ne3 Qa6 24. b3 Nf6 25. c4 Ba3 26. Rb1 dxc4 27. bxc4 Bb2 28. Qc2
Bxd4 29. Rxb8 Rxb8 30. Rb1 Rc8 31. Rb4 a3 32. Ra4 Qd6 33. Bc1 Bc5 34. Qd2 Qxd2
35. Bxd2 Rb8 36. Ra5 Rb2 37. Bc3 Rb1+ 38. Kh2 Bd6+ 39. g3 Ne4 40. Bd4 Re1 41. c5
Bc7 42. Ra7 Re2 43. Rxc7 Rxf2+ 44. Kg1 Rxa2 45. Ra7 Rd2 46. Be5 Nxc5 47. Rxa3
Nd3 48. Bc3 Re2 49. Nc4 Nc5 50. Ra8+ Kh7 51. Ra7 Ne4 52. Be5 f6 53. Bb8 e5 54.
Nxe5 fxe5 55. Bxe5 g5 56. Rxg7+ Kh6 57. Rb7 Nd2 58. Bc3 Nf3+ 59. Kf1 Rc2 60.
Rb6+ Kh7 61. Bf6 Nh2+ 62. Ke1 Nf3+ 63. Kd1 Rd2+ 64. Kc1 Rg2 65. g4 Rh2 66. Rb3
Rxh3 67. Kd1 Kg6 68. Bd8 Rh1+ 69. Kc2 Nd4+ 0-1

[Event "2nd IMSA Blitz w 2017"]
[Site "Huai'an CHN"]
[Date "2017.12.12"]
[Round "10.4"]
[White "Muzychuk, Anna"]
[Black "Dzagnidze, Nana"]
[Result "0-1"]
[WhiteTitle "GM"]
[BlackTitle "GM"]
[WhiteElo "2582"]
[BlackElo "2522"]
[WhiteFideId "14111330"]
[BlackFideId "13601903"]
[EventDate "2017.12.12"]

1. e4 c5 2. Nf3 e6 3. d4 cxd4 4. Nxd4 a6 5. c4 Nf6 6. Nc3 Qc7 7. Be2 b6 8. Be3
Bb7 9. f3 Nc6 10. Rc1 Nxd4 11. Bxd4 Bd6 12. g3 O-O 13. Na4 Bc5 14. Qd2 Bxd4 15.
Qxd4 b5 16. Nc3 bxc4 17. Bxc4 Rfc8 18. Bd3 d5 19. e5 Nd7 20. f4 Qc5 21. Qxc5
Nxc5 22. Kd2 d4 23. Ne2 Bxh1 24. Rxh1 Rab8 25. b3 a5 26. Rc1 a4 27. Nxd4 axb3
28. axb3 Rxb3 29. Be2 Ne4+ 30. Kd1 Rxc1+ 31. Kxc1 Rb4 32. Nc2 Rb8 33. Bd3 Nf2
34. Be2 Rd8 35. Ne3 Ne4 36. Bf3 Nc5 37. Kc2 Rd3 0-1

[Event "2nd IMSA Blitz w 2017"]
[Site "Huai'an CHN"]
[Date "2017.12.12"]
[Round "11.1"]
[White "Ushenina, Anna"]
[Black "Stefanova, Antoaneta"]
[Result "1/2-1/2"]
[WhiteTitle "GM"]
[BlackTitle "GM"]
[WhiteElo "2416"]
[BlackElo "2500"]
[WhiteFideId "14110911"]
[BlackFideId "2902257"]
[EventDate "2017.12.12"]

1. d4 d5 2. Nf3 Nf6 3. Bf4 c5 4. e3 a6 5. Nbd2 Nc6 6. c3 e6 7. Bd3 Be7 8. O-O
O-O 9. Ne5 Nxe5 10. dxe5 Nd7 11. Qg4 f5 12. exf6 Nxf6 13. Qe2 Bd6 14. Bxd6 Qxd6
15. e4 Qf4 16. h3 b5 17. a4 b4 18. cxb4 c4 19. Bc2 Rb8 20. b5 axb5 21. axb5 Rxb5
22. b3 Rc5 23. bxc4 dxc4 24. Nxc4 Rg5 25. Qe3 Qh4 26. Ra5 Rxa5 27. Nxa5 Nh5 28.
e5 Qb4 29. Nc6 Qc4 30. Ne7+ Kh8 31. Nxc8 Rxc8 32. Be4 Rf8 33. g3 g6 34. Rd1 Qb5
35. Bg2 Ng7 36. Qd3 Qb2 37. Qd4 Qc2 38. Qd2 Qc5 39. Qd4 Qc2 40. Qd2 Qc5 41. Re1
Nf5 42. Qd3 Nh4 43. Qe3 Qxe3 44. Rxe3 Nf5 45. Rd3 Rf7 46. Rd8+ Kg7 47. g4 Nd4
48. Kf1 g5 49. Be4 h6 50. Kg2 Nb3 51. Kg3 Nc5 52. Bc2 Nd7 53. f4 gxf4+ 1/2-1/2

[Event "2nd IMSA Blitz w 2017"]
[Site "Huai'an CHN"]
[Date "2017.12.12"]
[Round "11.3"]
[White "Lagno, Kateryna"]
[Black "Muzychuk, Anna"]
[Result "1/2-1/2"]
[WhiteTitle "GM"]
[BlackTitle "GM"]
[WhiteElo "2547"]
[BlackElo "2582"]
[WhiteFideId "14109336"]
[BlackFideId "14111330"]
[EventDate "2017.12.12"]

1. e4 c5 2. Nf3 e6 3. d4 cxd4 4. Nxd4 Nf6 5. Nc3 Nc6 6. Ndb5 d6 7. Bf4 e5 8. Bg5
a6 9. Na3 b5 10. Nd5 Be7 11. Bxf6 Bxf6 12. c4 Nd4 13. Bd3 Be6 14. O-O Bxd5 15.
cxd5 O-O 16. Nc2 Nxc2 17. Qxc2 Rc8 18. Qe2 Qb6 19. Rac1 Bg5 20. Rxc8 Rxc8 21.
Qg4 Qd8 22. g3 g6 23. h4 Bh6 24. Kg2 Rc7 25. h5 Qg5 26. Qxg5 Bxg5 27. hxg6 hxg6
28. Kf3 1/2-1/2

[Event "2nd IMSA Blitz w 2017"]
[Site "Huai'an CHN"]
[Date "2017.12.12"]
[Round "11.4"]
[White "Zhao, Xue"]
[Black "Tan, Zhongyi"]
[Result "1/2-1/2"]
[WhiteTitle "GM"]
[BlackTitle "GM"]
[WhiteElo "2477"]
[BlackElo "2517"]
[WhiteFideId "8601283"]
[BlackFideId "8603642"]
[EventDate "2017.12.12"]

1. c4 c5 2. Nf3 Nc6 3. Nc3 g6 4. e3 Nf6 5. d4 cxd4 6. exd4 d5 7. cxd5 Nxd5 8.
Bc4 e6 9. O-O Nb6 10. Bb3 Bg7 11. Bg5 Qc7 12. d5 exd5 13. Re1+ Be6 14. Nxd5 Nxd5
15. Bxd5 O-O 16. Bxe6 fxe6 17. Qb3 Kh8 18. Rxe6 Rxf3 19. Qxf3 Nd4 20. Qe4 Nxe6
21. Qxe6 Bxb2 22. Rd1 Rf8 23. Bh6 Rd8 24. Re1 Rg8 25. g3 Bg7 26. Bf4 Qa5 27. Rc1
Qa4 28. Rc7 Qd1+ 29. Kg2 Qd8 30. Rxb7 a5 31. Rd7 Qa8+ 32. Qd5 Qxd5+ 33. Rxd5 Ra8
34. Bd2 a4 35. Ra5 Rd8 36. Be3 h5 37. Rxa4 Kh7 38. Ra7 Rd5 39. a4 g5 40. a5 Kg6
41. a6 Bd4 42. Bxd4 Rxd4 43. Rb7 Ra4 44. a7 g4 45. Kf1 Ra2 46. Ke1 Kf5 47. Kd1
Ke4 48. Rf7 Kd3 49. Kc1 Kc3 50. Kb1 Ra6 51. Rc7+ Kd3 52. Rh7 Ke2 53. Rxh5 Rxa7
54. Rg5 Ra4 55. Rf5 Kf1 56. Rf4 Ra5 57. Rxg4 Kxf2 58. Kc2 Kg2 59. Rh4 Rd5 60.
Kc3 Kf3 61. Rh8 Rd1 62. Rg8 Rh1 63. h4 Ke4 64. Rg5 Rc1+ 65. Kd2 Ra1 66. Ke2 Ra2+
67. Kf1 Kf3 68. Kg1 Rg2+ 69. Kh1 Ra2 70. h5 Rb2 71. Rg6 Rb5 72. Kh2 Rxh5+ 73.
Kg1 Rb5 74. g4 Rb4 75. Rg8 Rxg4+ 1/2-1/2

[Event "2nd IMSA Blitz w 2017"]
[Site "Huai'an CHN"]
[Date "2017.12.12"]
[Round "11.5"]
[White "Harika, Dronavalli"]
[Black "Muzychuk, Mariya"]
[Result "1-0"]
[WhiteTitle "GM"]
[BlackTitle "GM"]
[WhiteElo "2504"]
[BlackElo "2544"]
[WhiteFideId "5015197"]
[BlackFideId "14114550"]
[EventDate "2017.12.12"]

1. c4 c6 2. Nf3 d5 3. e3 Nf6 4. Nc3 e6 5. b3 Bd6 6. Bb2 O-O 7. Be2 Nbd7 8. Qc2
a6 9. Rg1 e5 10. g4 e4 11. Nd4 Bxh2 12. Rh1 Be5 13. g5 Ne8 14. cxd5 cxd5 15.
Nxd5 Qxg5 16. Qxe4 Nef6 17. Ne7+ Kh8 18. Qc2 Nb6 19. Nf3 Qg2 20. Rg1 Bxb2 21.
Rxg2 Bxa1 22. Ng5 h6 23. Rh2 Bd7 24. f4 Rae8 25. Nf5 Rc8 26. Qb1 Bb2 27. Qxb2
Bxf5 28. Rxh6+ gxh6 29. Qxf6+ Kg8 30. Qxf5 hxg5 31. Qxg5+ Kh8 32. Qh6+ Kg8 33.
Qxb6 Rc1+ 34. Kf2 Rc2 35. Qd6 Rfc8 36. Kf3 Rxa2 37. Bc4 b5 38. Qg6+ Kh8 39. Bxf7 1-0

[Event "2nd IMSA Blitz w 2017"]
[Site "Huai'an CHN"]
[Date "2017.12.12"]
[Round "11.6"]
[White "Dzagnidze, Nana"]
[Black "Ju, Wenjun"]
[Result "1-0"]
[WhiteTitle "GM"]
[BlackTitle "GM"]
[WhiteElo "2522"]
[BlackElo "2567"]
[WhiteFideId "13601903"]
[BlackFideId "8603006"]
[EventDate "2017.12.12"]

1. Nf3 Nf6 2. c4 g6 3. b3 Bg7 4. Bb2 O-O 5. g3 c6 6. Bg2 d5 7. O-O a5 8. cxd5
cxd5 9. Nc3 Nc6 10. Nb5 Bg4 11. d3 Qd7 12. a4 Bh3 13. Rc1 Bxg2 14. Kxg2 Rac8 15.
Qd2 b6 16. Ne5 Nxe5 17. Bxe5 Qf5 18. Bd4 Nd7 19. Rxc8 Rxc8 20. Rc1 Rxc1 21. Qxc1
Qe6 22. Qc8+ Nf8 23. Qxe6 Nxe6 24. Bxb6 Bf6 25. Bxa5 Nc5 26. Bb4 Nxb3 27. a5 Nd4
28. Nxd4 Bxd4 29. Bxe7 f6 30. Bd8 Kf7 31. Bb6 1-0

[Event "2nd IMSA Blitz w 2017"]
[Site "Huai'an CHN"]
[Date "2017.12.13"]
[Round "12.1"]
[White "Dzagnidze, Nana"]
[Black "Muzychuk, Mariya"]
[Result "1-0"]
[WhiteTitle "GM"]
[BlackTitle "GM"]
[WhiteElo "2522"]
[BlackElo "2544"]
[WhiteFideId "13601903"]
[BlackFideId "14114550"]
[EventDate "2017.12.12"]

1. Nf3 c5 2. c4 Nc6 3. Nc3 g6 4. e3 Nf6 5. b3 Bg7 6. Bb2 O-O 7. Be2 d5 8. cxd5
Nxd5 9. O-O Ndb4 10. Na4 Bxb2 11. Nxb2 Bf5 12. a3 Nd3 13. Nxd3 Bxd3 14. Rc1 b6
15. b4 c4 16. Bxd3 Qxd3 17. Qc2 Qxc2 18. Rxc2 b5 19. d3 a5 20. dxc4 axb4 21.
cxb5 Na7 22. a4 Nc8 23. Ra1 Nb6 24. a5 Rfb8 25. Nd4 Nd5 26. Rc5 Nc3 27. a6 f6
28. f4 Ne4 29. Rc4 e5 30. fxe5 fxe5 31. Nc6 Rxb5 32. Rxe4 b3 33. Nb4 Rc5 34. Rb1 1-0

[Event "2nd IMSA Blitz w 2017"]
[Site "Huai'an CHN"]
[Date "2017.12.13"]
[Round "12.2"]
[White "Muzychuk, Anna"]
[Black "Ju, Wenjun"]
[Result "0-1"]
[WhiteTitle "GM"]
[BlackTitle "GM"]
[WhiteElo "2582"]
[BlackElo "2567"]
[WhiteFideId "14111330"]
[BlackFideId "8603006"]
[EventDate "2017.12.12"]

1. e4 e6 2. d4 d5 3. Nc3 Nf6 4. e5 Nfd7 5. f4 c5 6. Nf3 Nc6 7. Be3 Be7 8. Qd2 a6
9. Bd3 b5 10. O-O b4 11. Na4 c4 12. Be2 O-O 13. Qe1 f5 14. exf6 Nxf6 15. Ne5
Nxe5 16. dxe5 Ne4 17. b3 c3 18. a3 Bb7 19. axb4 Bxb4 20. Bd4 Rc8 21. Bd3 Qc7 22.
Qe3 a5 23. Rf3 g6 24. g4 Bc6 25. Kh1 Rf7 26. Rg1 Bxa4 27. bxa4 Bc5 28. f5 Bxd4
29. Qxd4 Qc5 30. Qxc5 Nxc5 31. Bb5 d4 32. f6 Rd8 33. Rd1 Rd5 34. Rf4 Rxe5 35.
Rdxd4 h5 36. gxh5 Rxh5 37. Be8 Rfh7 38. Rf2 Rd5 39. Rxd5 exd5 40. Bxg6 Rh6 41.
Be8 Kf8 42. f7 d4 43. Rg2 Ne6 44. Re2 Rf6 45. Re5 d3 46. Kg2 d2 0-1

[Event "2nd IMSA Blitz w 2017"]
[Site "Huai'an CHN"]
[Date "2017.12.13"]
[Round "12.3"]
[White "Harika, Dronavalli"]
[Black "Tan, Zhongyi"]
[Result "1/2-1/2"]
[WhiteTitle "GM"]
[BlackTitle "GM"]
[WhiteElo "2504"]
[BlackElo "2517"]
[WhiteFideId "5015197"]
[BlackFideId "8603642"]
[EventDate "2017.12.12"]

1. c4 c5 2. Nf3 Nc6 3. d4 cxd4 4. Nxd4 Nf6 5. Nc3 e6 6. Bg5 Bb4 7. Rc1 Qa5 8.
Bxf6 gxf6 9. a3 Bxc3+ 10. Rxc3 d5 11. b4 Qd8 12. e3 Nxd4 13. Qxd4 dxc4 14. Qxc4
Bd7 15. Be2 Rc8 16. Qb3 Rxc3 17. Qxc3 Bc6 18. f3 O-O 19. h4 e5 20. Kf2 Qe7 21.
h5 Bd7 22. e4 a5 23. h6 axb4 24. axb4 Rc8 25. Qd2 f5 26. exf5 Bxf5 27. Rc1 Qh4+
28. Kg1 Qd4+ 29. Qxd4 Rxc1+ 30. Qd1 Rxd1+ 31. Bxd1 Kf8 32. Kf2 Ke7 33. g4 Bd3
34. g5 f6 35. Ke3 Bb1 36. gxf6+ Kxf6 37. f4 exf4+ 38. Kxf4 Kg6 39. Bf3 b6 40.
Ke5 Kxh6 41. Kd6 Bd3 42. Bc6 b5 43. Kc5 Kg5 44. Bxb5 Be4 45. Be2 h5 46. Bxh5
Kxh5 47. Kd6 1/2-1/2